000 00391nam a22001695 4500
001 964758
008 981015s1948 enk 000 eng d
035 _aCAT1-0666609A
040 _aNLS
100 1 _aYerby, Frank Garvin.
_9235
245 1 4 _aThe vixens. A novel.
260 _aLondon,
_c1948.
300 _a326 p. ;
_c8vo.
942 _2ddc
_cBK
956 _aNLS
999 _c24
_d24